000 00219 a2200097 4500
001 49469
100 _aCorbett
245 _aMan-Eaters of Kumoon
260 _aLondon
_bOxford University Press
_c
090 _c32000
_d32000
942 _aNUST-CAE
_cM
_c24449
999 _c284542
_d284542